1985 1493 1588 1100 1041 1465 1341 1098 1070 1851 1776 1365 1195 1806 1313 1512 1805 1368 1188 1615 1487 1209 1750 1978 1395 1027 1398 1927 1486 1971 1784 1096 1487 1981 1932 1906 1676 1247 1422 1244 1053 1988 1665 1046 1648 1949 1499 1020 1509 1661 1596 1861 1682 1697 1332 1922 1212 1838 1824 1027 1901 1904 1022 1385 1925 1973 1613 1792 1941 1399 1429 1659 1229 1519 1380 1525 1524 1680 1351 1077 1111 1797 1883 1018 1076 1096 1738 1147 1251 1020 1214 1913 1974 1285 1657 1601 1413 1492 1986 BCNSPRNW ULIB Ver.6.0+V

เปลี่ยนเป็นภาษาไทย

Change to English
 แสดงรายละเอียดบรรณานุกรม
  กลับหน้าหลัก

Brief Record : Get Marc (ISO 2709) : E-mail record : QR code < ปิดหน้าต่าง
LEADER : 00000nam 2200000uu 4500
001    13399124578
003     ULIB
008    151006s||||||||th 000 0 tha d
020    9748585506
090    ^aรส. ^bว617ป
100 0  ^aวินทร์ เลียววาริณ
245 1   ^a[สิ่งมีชีวิตที่เรียกว่าคน] วินทร์ เลียววาริณ ^cวินทร์ เลียววาริณ
250    ^aaพิมพ์ครั้งที่ 6
260    ^aa กรุงเทพฯ ^bบริษัท 113 จำกัด ^c2543
300    ^aa 349 หน้า
505    ^aa - คน+สิ่งเร้าภายใน -- คน+สิ่งเร้าภายนอก -- คน+กฎเกณฑ์ของคน -- คน+คน -- คน+สัตว์ -- คน+จักวาล
650    ^aa เรื่องสั้น
650    ^aa สังคมมนุษย์
650    ^aa มนุษย์
650    ^aa การดำเนินชีวิต
650    ^aa มนุษย์กับสิ่งแวดล้อม
653    ^aa บันเทิง รวมเรื่อง รางวัลซีไรส์ 2542
945    ^p185^l0^i013068
999    ^aเกษร โพธิ์สุวรรณ
รายการนี้ยังไม่มีแท็ก
คุณยังไม่ได้ล็อกอิน คุณสามารถมีกิจกรรมร่วมกับเว็บไซต์ได้ แต่ต้องล็อกอินก่อน ::
  ล็อกอิน

รายการสื่อสารสนเทศ

ลำดับที่ ประเภท เลขเรียก/บาร์โค้ด สถานที่ สถานะ
1. นวนิยาย
นวนิยาย
รส. ว617ป ฉ.1 
  Barcode: 013068
ห้องสมุดวิทยาเขตนครสวรรค์
►นวนิยาย:l:Fiction
บนชั้น
Note:บริจาคนักศึกษาพยาบาลศาสตร์รุ่นที่ 13

รายการใกล้เคียง
    ผู้แต่ง [วินทร์ เลียววาริณ]

BibComment


ยังไม่เคยถูกคอมเมนท์

คอมเมนท์ทรัพยากรรายการนี้
  คอมเมนท์: สิ่งมีชีวิตที่เ..


 Copyright 2026. Bcnsprnw @Library